000 00309 a2200145 4500
001 156985
040 _cEscola São Tomás de Aquino
100 _aBANDEIRA, Manuel
240 1 0 _aEstrela da manhã
_lpor
245 1 0 _aEstrela da manhã
300 _a92
362 0 _a2012
697 _aPoesia
942 _cBK
999 _c156985
_d156985